| 000 | 00849nam a22002537a 4500 | ||
|---|---|---|---|
| 003 | OSt | ||
| 005 | 20151019134801.0 | ||
| 008 | 130422s2009 sp ||||| |||| 00| 0 spa d | ||
| 020 | _a9788492616466 | ||
| 040 | _cCDMR | ||
| 100 | 1 |
_93232 _aGómez, Helios |
|
| 245 |
_aHelios Gómez _b: la Revolución gráfica _c editores Gabriel Gómez, Caroline Mignot |
||
| 260 |
_a[Barcelona?] _bAssociació Catalana d'Investigacions Marxistes |
||
| 260 | _bAssociació Cultural Helios Gómez | ||
| 260 | _bFundación de Investigaciones Marxistas | ||
| 260 |
_bEdiciones de Intervención Cultural _cDL 2009 |
||
| 300 |
_a229 p. _bil. |
||
| 600 | 1 |
_93232 _aGómez, Helios |
|
| 650 | 0 | 4 |
_93187 _aGrafisme |
| 650 | 0 | 4 |
_93196 _aEspanya _xHistòria _y1936-1939, Guerra Civil |
| 700 | 1 |
_93233 _aGómez, Gabriel |
|
| 700 | 1 |
_93234 _aMignot, Caroline |
|
| 942 |
_2udc _cMON |
||
| 999 |
_c6115 _d6115 |
||